| 000 | 00696nam a2200145Ia 4500 | ||
|---|---|---|---|
| 008 | 171212s9999 xx 000 0 und d | ||
| 020 | _a9781921313691 | ||
| 100 | _aChristomy, Tommy | ||
| 245 |
_cChristomy, Tommy _aSigns of the Wali _bNarratives at the Sacred Sites in Pamijahan, West Java |
||
| 260 |
_bANU E Press _c2008 |
||
| 440 | _aIslam in Southeast Asia | ||
| 650 | _aIslam and culture -- Indonesia -- Java; Muslim saints -- Indonesia -- Java; Islamic shrines -- Indonesia -- Jawa Barat; Sundanese (Indonesian people) -- Rites and ceremonies; Sundanese literature -- History and criticism; Saints in literature | ||
| 650 | _aReligion | ||
| 856 | _uwww.jstor.org/stable/10.2307/j.ctt24h38j | ||
| 999 |
_c351311 _d351311 |
||